000 00823nam a22002537a 4500
005 20130122111719.0
008 130122t xxu||||| |||| 00| 0 eng d
010 _aENG-106633
020 _a9789381075920
_c995.00
035 _aEN-90166
037 _bDBAD / PUB
040 _aDPL
_bENG
082 _a543
100 _aBraun, Robert D.
_954940
245 _aIntroduction to instrumental analysis /
_cby Robert D. Braun
250 _a2nd ed
260 _aHyderabad
_bPharmaMed Press
_c2012
270 _a4-4-316, Giriraj Lane, Sultan Bazar,
_bHyderabad
_e500095
300 _axi, 1096p.
_c24cm(pbk)
500 _aIncludes index
700 _954941
942 _2ddc
_cEN
_mBRA
_h543
999 _c73191
_d73191